| 000 | 00893cam a2200265 a 4500 | ||
|---|---|---|---|
| 001 | 34321 | ||
| 003 | BD-RjUL | ||
| 005 | 20211209052136.0 | ||
| 008 | 140515s 1956enk 001 0 eng d | ||
| 035 | _a(BD-RjUL)34415 | ||
| 040 |
_aBD-RjUL _beng _cBD-RjUL _dBD-RjUL |
||
| 041 | _aeng | ||
| 082 |
_a301.2 _bMAE 1956 |
||
| 100 | 1 |
_aMannheim, Karl _d1893-1947. _9141 |
|
| 245 | 1 | 0 |
_aEssays on the sociology of culture / _cby Karl Mannheim ; with a new preface by Bryan S. Turner |
| 260 |
_aLondon : _bRoutledge, _c1956. |
||
| 300 |
_aix, 253 p. ; _c23 cm |
||
| 500 | _aIncludes introduction by Ernest Manheim to the first edition of 1956, of which the text is here reproduced unchanged | ||
| 504 | _aIncludes index. | ||
| 650 | 0 |
_aCulture _9104365 |
|
| 650 | 0 |
_aSociology _9104366 |
|
| 700 | 1 |
_aTurner, Bryan S. _944549 |
|
| 830 | 0 |
_aRoutledge sociology classics _9104367 |
|
| 942 |
_2ddc _cBK |
||
| 999 |
_c34321 _d34321 |
||